Italia-visa - Statistics

Yleistilastot
  • Tätä visaa on pelattu 1 469 kertaa
  • Keskiarvotulos 18 / 30
Vastaustilastot
Vihje Vastaus % Oikein
Kaupunki, jossa kalteva torni sijaitsee Pisa
87%
Tunnettu kanaaleistaan Venetsia
86%
Muodin "pääkaupunki" Milano
85%
Naapurimaat Sveitsi
85%
Naapurimaat Ranska
84%
Naapurimaat Itävalta
81%
Naapurimaat Slovenia
78%
Kaksi suurinta saarta Sisilia
77%
Pizzan alkuperä Napoli
76%
Naapurimaat Vatikaanivaltio
76%
Naapurimaat San Marino
74%
Pompejin tuhonnut tulivuori Vesuvius
71%
2006 olympialaisten järjestäjäkaupunki Torino
68%
Korkein tulivuori Etna
66%
Kaksi suurinta saarta Sardinia
59%
Äärimmäinen renessanssin mies Leonardo da Vinci
58%
Sikstuksen kappelin maalaaja Michelangelo
58%
Rooman perustajat Romulus
57%
Rooman perustajat Remus
56%
Tähtitieteen isä Galileo Galilei
55%
Valuutta ennen vuotta 2002 Liira
53%
Jalkapallon pääsarja Serie A
53%
Toscanan pääkaupunki Firenze
45%
Rooman ensimmäinen keisari Augustus
44%
Pisin joki Po
44%
Rooman lempinimi {Ikuinen} kaupunki
41%
Paavin henkivartijat {Sveitsiläis}kaarti
36%
Kuuluisa viulujen tekijä, joka kuoli vuonna 1737 Antonio Stradivari
32%
Korkein vuori Mont Blanc
29%
Radiopioneeri Guglielmo Marconi
12%
Ehtoja vastaavia visoja ei löytynyt
Tulosjakauma
Jokaisen tuloksen saaneiden osuus
Persentiili vastausten määrän mukaan
Tuloshistoriasi
Et ole pelannut tätä visaa